<?xml version="1.0" encoding="UTF-8"?><?xml-stylesheet type="text/xsl" href="static/style.xsl"?><OAI-PMH xmlns="http://www.openarchives.org/OAI/2.0/" xmlns:xsi="http://www.w3.org/2001/XMLSchema-instance" xsi:schemaLocation="http://www.openarchives.org/OAI/2.0/ http://www.openarchives.org/OAI/2.0/OAI-PMH.xsd"><responseDate>2026-04-17T07:02:19Z</responseDate><request verb="GetRecord" identifier="oai:www.recercat.cat:2072/383669" metadataPrefix="marc">https://recercat.cat/oai/request</request><GetRecord><record><header><identifier>oai:recercat.cat:2072/383669</identifier><datestamp>2026-04-04T21:32:44Z</datestamp><setSpec>com_2072_98</setSpec><setSpec>col_2072_378192</setSpec></header><metadata><record xmlns="http://www.loc.gov/MARC21/slim" xmlns:dcterms="http://purl.org/dc/terms/" xmlns:xsi="http://www.w3.org/2001/XMLSchema-instance" xmlns:doc="http://www.lyncode.com/xoai" xsi:schemaLocation="http://www.loc.gov/MARC21/slim http://www.loc.gov/standards/marcxml/schema/MARC21slim.xsd">
   <leader>00925njm 22002777a 4500</leader>
   <datafield ind2=" " ind1=" " tag="042">
      <subfield code="a">dc</subfield>
   </datafield>
   <datafield ind2=" " ind1=" " tag="720">
      <subfield code="a">Alén, María Pilar</subfield>
      <subfield code="e">author</subfield>
   </datafield>
   <datafield ind2=" " ind1=" " tag="260">
      <subfield code="c">1985</subfield>
   </datafield>
   <datafield ind2=" " ind1=" " tag="520">
      <subfield code="a">El italianismo constituye uno de los fenómenos más importantes de la historia de la música en España. Su máximo desarrollo coincidió, además, con un período sumamente floreciente de la cultura en general, y muy particularmente de la música, tanto sagrada como profana. Por lo que se refiere a ésta, el italianismo mantuvo todavía su apogeo hasta bien avanzado el siglo XIX, gracias al progresivo auge de la ópera italiana. No ocurrió lo mismo en la música de nuestras catedrales. El italianismo, que hacia mediados del siglo XVIII era fenómeno común en todas las capillas de música de la península, comenzó a mostrar los primeros síntomas de decaimiento ya desde principios del Último tercio de siglo, si no antes. En este estudio nos ocuparemos de un caso concreto pero que tiene un significado universal para toda la música española: la protesta del arzobispo Bocanegra contra la música del italiano Buono Chiodi, maestro de capilla de la catedral de Santiago desde 1770.</subfield>
   </datafield>
   <datafield tag="653" ind2=" " ind1=" ">
      <subfield code="a">Italianisme</subfield>
   </datafield>
   <datafield tag="653" ind2=" " ind1=" ">
      <subfield code="a">Història de la música</subfield>
   </datafield>
   <datafield tag="653" ind2=" " ind1=" ">
      <subfield code="a">Música sagrada</subfield>
   </datafield>
   <datafield tag="653" ind2=" " ind1=" ">
      <subfield code="a">Música profana</subfield>
   </datafield>
   <datafield tag="653" ind2=" " ind1=" ">
      <subfield code="a">Òpera italiana</subfield>
   </datafield>
   <datafield ind2="0" ind1="0" tag="245">
      <subfield code="a">Un síntoma de la crisis del italianismo en la música religiosa española : el ataque del arzobispo Bocanegra a Buono Chiodi (1778)</subfield>
   </datafield>
</record></metadata></record></GetRecord></OAI-PMH>